000
00327nam a22001337a 4500
020
_a
9789388162180
082
_a
361.954 SIN
100
_a
Singh, Ajoy Kumar
245
_a
Social Work, Social Justice and Human Rights
260
_a
New Delhi
_b
Innovative Imprint
_c
2018
300
_a
232
650
_a
Social work
942
_c
BK
999
_c
23016
_d
23016